Southville International School and Colleges
Your cart is empty.
  • Cart
  • Lists
    Public lists Eva Luna New books Lux_list list_1
    Your lists Log in to create your own lists
  • Log in to your account
  • Your cookies
  • Search history
Southville International School and Colleges
  • Advanced search
  • Recent comments
  • Most popular
  • Libraries

Log in to your account

Log in with GOOGLE


If you do not have an external account, but do have a local account, you can still log in:

  1. Home
  2. MARC view: Human development /
Normal view MARC view ISBD view

Human development / (Record no. 21726)

[ view plain ]
MARC details
000 -LEADER
fixed length control field 00635nam a2200217 a 4500
003 - CONTROL NUMBER IDENTIFIER
control field PILC
005 - DATE AND TIME OF LATEST TRANSACTION
control field 20160215081750.0
008 - FIXED-LENGTH DATA ELEMENTS--GENERAL INFORMATION
fixed length control field 061103s19uu xx 00 eng d
020 ## - INTERNATIONAL STANDARD BOOK NUMBER
International Standard Book Number 9780071107614
050 ## - LIBRARY OF CONGRESS CALL NUMBER
Classification number BF 713
Item number .Z27 2007
100 ## - MAIN ENTRY--PERSONAL NAME
Personal name Zanden, James Vander W.
245 ## - TITLE STATEMENT
Title Human development /
Statement of responsibility, etc James Vander W. Zanden.
250 ## - EDITION STATEMENT
Edition statement 8th edition.
260 ## - PUBLICATION, DISTRIBUTION, ETC. (IMPRINT)
Place of publication, distribution, etc Boston :
Name of publisher, distributor, etc McGraw-Hill, Inc,
Date of publication, distribution, etc 2007.
300 ## - PHYSICAL DESCRIPTION
Extent I-33, 676 pages :
Other physical details color illustrations ;
Dimensions 28 cm.
650 ## - SUBJECT ADDED ENTRY--TOPICAL TERM
Topical term or geographic name as entry element Developmental psychology.
700 ## - ADDED ENTRY--PERSONAL NAME
Personal name Crandell, Thomas L.
700 ## - ADDED ENTRY--PERSONAL NAME
Personal name Crandell, Corinne Haines.
942 ## - ADDED ENTRY ELEMENTS (KOHA)
Koha item type Books
Source of classification or shelving scheme Library of Congress Classification
Call number prefix Foreign
Holdings
Withdrawn status Lost status Source of classification or shelving scheme Damaged status Home library Current library Shelving location Date acquired Source of acquisition Cost, normal purchase price Total Checkouts Full call number Barcode Date last seen Date checked out Copy number Price effective from Koha item type
    Library of Congress Classification   College Library College Library General Circulation Section 11/03/2006 Library Fund 2295.00 1 BF 713 .Z27 2007 C7795 05/15/2018 08/04/2014 1 10/10/2013 Books

Human development /

APA

Zanden J. V. W., Crandell T. L. & Crandell C. H. (2007). Human development. Boston: McGraw-Hill, Inc.

Chicago

Zanden James Vander W, Crandell Thomas L and Crandell Corinne Haines. 2007. Human development. Boston: McGraw-Hill, Inc.

Harvard

Zanden J. V. W., Crandell T. L. and Crandell C. H. (2007). Human development. Boston: McGraw-Hill, Inc.

MLA

Zanden James Vander W, Crandell Thomas L and Crandell Corinne Haines. Human development. Boston: McGraw-Hill, Inc. 2007.

  • Place hold
  • Print
  • Cite
  • Add to your cart (remove)
  • Save record
    BIBTEX Dublin Core MARCXML MARC (non-Unicode/MARC-8) MARC (Unicode/UTF-8) MARC (Unicode/UTF-8, Standard) MODS (XML) RIS
  • More searches
    Search for this title in:
    Other Libraries (WorldCat) Other Databases (Google Scholar) Online Stores (Bookfinder.com) Open Library (openlibrary.org)

Exporting to Dublin Core...

SOUTHVILLE LIBRARY

Southville International School and Colleges Library

1281 Tropical Ave. Cor. Luxembourg St., BF Homes International, Las Pinas City

Tel. No. 8256374 / 252358 Loc. 117/146

Powered by Koha